[Event "TUR-chT Clubs"]
[Site "Konya"]
[Date "2019.07.20"]
[Round "7.5"]
[White "Taskin, Arda"]
[Black "Ozmen, Kemal"]
[Result "1/2-1/2"]
[WhiteElo "1723"]
[BlackElo "1472"]
[PlyCount "119"]
[EventDate "2019.07.16"]
[EventType "team-swiss"]
[EventRounds "9"]
[EventCountry "TUR"]
[SourceTitle "CBM 191 Extra"]
[Source "ChessBase"]
[SourceDate "2019.09.30"]
[SourceVersion "1"]
[SourceVersionDate "2019.09.30"]
[SourceQuality "1"]
[WhiteTeam "Manisa Yunusembre"]
[BlackTeam "Samsun Genclik"]
[WhiteTeamCountry "TUR"]
[BlackTeamCountry "TUR"]

1. d4 Nf6 2. Bg5 Ne4 3. Bf4 e6 4. Nd2 Nxd2 5. Qxd2 d5 6. Nf3 c5 7. e3 Nc6 8. c3 Bd6 9. Bg3 0-0 10. dxc5 Bxc5 11. b4 Bd6 12. b5 Bxg3 13. hxg3 Ne7 14. Bd3 f5 15. g4 Ng6 16. gxf5 exf5 17. 0-0 Nh4 18. Nxh4 Qxh4 19. g3 Qf6 20. Rab1 g5 21. Rb4 Be6 22. Rd1 h5 23. Be2 h4 24. gxh4 gxh4 25. Qd4 Qxd4 26. Rbxd4 Rac8 27. Bf3 Rxc3 28. Bxd5 Bxd5 29. Rxd5 Rf7 30. R1d4 Rg7+ 31. Kh2 h3 32. Rxf5 Rc1 33. Rd8+ Kh7 34. Rh5+ Kg6 35. Rxh3 Kf5 36. Rf3+ Ke6 37. Rd2 Rcg1 38. Rg3 R7xg3 39. fxg3 Re1 40. Kh3 Rxe3 41. Kh4 Re4+ 42. g4 Rb4 43. Rf2 Rxb5 44. g5 a5 45. g6 Rb1 46. Kg5 Rg1+ 47. Kh6 b5 48. Kh7 Kd5 49. Kg7 Kc4 50. Kf6 b4 51. Rf4+ Kc3 52. Rf5 a4 53. Rg5 Rxg5 54. Kxg5 b3 55. axb3 axb3 56. g7 b2 57. g8Q b1Q 58. Qc8+ Kb2 59. Qb7+ Ka1 60. Qxb1+ 1/2-1/2